000 00653nam a22002177a 4500
003 BUBTL
008 171124b xxu||||| |||| 00| 0 eng d
020 _a0-19-568360-9
082 _a658.15
_bSEA
100 _91552
_aSekhar R.C.
245 _aManagement Accounting
_cR.C.Sekhar / A.V.Rajagopalan
250 _a1st
260 _aNew Delhi
_bOxford University Press
_c2013
300 _a[xviii] , 645p . :
_bill , Chart ,Table ; 25cm.
_cAccounting.
500 _aIncludes Index .
650 0 _95
_aAccounting
700 _91553
_aR.C.Sekher / A.V.Rajagopalan
856 _k0
_l0
_yDownload
942 _2ddc
_cBK
999 _c5563
_d5563